00510cam a22002171 4500001001300000003000400013005001700017008004100034010001700075035002000092040001800112042001200130050001800142100002200160245003400182260001100216300001900227500001600246500001300262999001700275sa 63002105 DLC20260227111932.0890714s1962 ii 000 1 beno  asa 63002105  a(OCoLC)20010153 aDLCcWaUdDLC apremarc00aPK1718.M5bP31 aMitra, Premendra.10aPā bāṛālei rāstā. c[1962] a200 p.c23 cm. aIn Bengali. aA novel. c54322d54322